Famous football grounds - Statistics

General Stats
  • This quiz has been taken 3,435 times
  • The average score is 17 of 36
Answer Stats
Answer % Correct
Barcelona
95%
Liverpool
93%
Manchester United
93%
Arsenal
92%
Real Madrid
92%
Chelsea
91%
Ajax
87%
Everton
80%
Rangers
67%
Benfica
60%
Valencia
60%
Porto
59%
PSV Eindhoven
56%
Juventus
55%
Marseille
55%
Boca Juniors
47%
Lyon
43%
Sevilla
38%
West Ham
38%
Feyenoord
37%
Millwall
37%
River Plate
36%
Schalke 04
32%
Flamengo
30%
Napoli
30%
Sporting CP
30%
Athletic Bilbao
27%
Shakhtar Donetsk
23%
Zenit St. Petersburg
22%
Olympiakos
19%
Deportivo La Coruna
18%
Galatasaray
16%
Hamburger SV
16%
Villarreal
16%
Vasco Da Gama
10%
Hajduk Split
7%
No matching quizzes found
Score Distribution
Percent of People with Each Score
Percentile by Number Answered
Your Score History
You have not taken this quiz